<?xml version="1.0" encoding="UTF-8"?>
<record
    xmlns:xsi="http://www.w3.org/2001/XMLSchema-instance"
    xsi:schemaLocation="http://www.loc.gov/MARC21/slim http://www.loc.gov/standards/marcxml/schema/MARC21slim.xsd"
    xmlns="http://www.loc.gov/MARC21/slim">

  <leader>00332nam a22001337a 4500</leader>
  <controlfield tag="001">60525</controlfield>
  <controlfield tag="003">AR-BeUNQ</controlfield>
  <controlfield tag="005">20230322124014.0</controlfield>
  <datafield tag="245" ind1="0" ind2="1">
    <subfield code="a">Sin rumbo</subfield>
    <subfield code="b">Na ve' Nad</subfield>
    <subfield code="c">Simja, Sneh</subfield>
    <subfield code="h">libro</subfield>
  </datafield>
  <datafield tag="250" ind1="0" ind2="1">
    <subfield code="a">1 a ed.</subfield>
  </datafield>
  <datafield tag="260" ind1="0" ind2="1">
    <subfield code="a">CABA</subfield>
    <subfield code="b">Biblioteca Nacional</subfield>
    <subfield code="c">2015</subfield>
  </datafield>
  <datafield tag="500" ind1=" " ind2=" ">
    <subfield code="a">Compilaci&#xF3;n, segunda Guerra Mundial, Memorias</subfield>
  </datafield>
  <datafield tag="942" ind1="0" ind2="1">
    <subfield code="c">LIB</subfield>
  </datafield>
  <datafield tag="999" ind1=" " ind2=" ">
    <subfield code="c">807</subfield>
    <subfield code="d">807</subfield>
  </datafield>
  <datafield tag="952" ind1=" " ind2=" ">
    <subfield code="0">0</subfield>
    <subfield code="1">0</subfield>
    <subfield code="7">0</subfield>
    <subfield code="a">BIBESET</subfield>
    <subfield code="b">BIBESET</subfield>
    <subfield code="c">circulacion</subfield>
    <subfield code="d">2022-09-01</subfield>
    <subfield code="l">0</subfield>
    <subfield code="o">940/SIM</subfield>
    <subfield code="p">60525</subfield>
    <subfield code="r">2023-03-22</subfield>
    <subfield code="w">2023-03-22</subfield>
    <subfield code="y">LIB</subfield>
  </datafield>
</record>
